<?xml version="1.0" encoding="UTF-8"?>
<record
    xmlns:xsi="http://www.w3.org/2001/XMLSchema-instance"
    xsi:schemaLocation="http://www.loc.gov/MARC21/slim http://www.loc.gov/standards/marcxml/schema/MARC21slim.xsd"
    xmlns="http://www.loc.gov/MARC21/slim">

  <leader>01776nam a22002417a 4500</leader>
  <controlfield tag="005">20231018143300.0</controlfield>
  <controlfield tag="008">231018b           ||||| |||| 00| 0 eng d</controlfield>
  <datafield tag="020" ind1=" " ind2=" ">
    <subfield code="a">9780130493736</subfield>
  </datafield>
  <datafield tag="020" ind1=" " ind2=" ">
    <subfield code="a">0130493732</subfield>
  </datafield>
  <datafield tag="040" ind1=" " ind2=" ">
    <subfield code="a">WIUC - GH</subfield>
    <subfield code="c">WIUC - GH</subfield>
  </datafield>
  <datafield tag="050" ind1=" " ind2=" ">
    <subfield code="a">RT48.D36</subfield>
  </datafield>
  <datafield tag="082" ind1=" " ind2=" ">
    <subfield code="2">dc22</subfield>
    <subfield code="a">616.07'5</subfield>
  </datafield>
  <datafield tag="100" ind1=" " ind2=" ">
    <subfield code="a">D'Amico, Donita</subfield>
    <subfield code="9">2582</subfield>
  </datafield>
  <datafield tag="245" ind1=" " ind2=" ">
    <subfield code="a">Health &amp; physical assessment in nursing. /</subfield>
    <subfield code="c">Donita D'Amico, and Colleen Barbarito</subfield>
  </datafield>
  <datafield tag="260" ind1=" " ind2=" ">
    <subfield code="a">Upper Saddle River, NJ</subfield>
    <subfield code="b">Pearson/Prentice Hall</subfield>
  </datafield>
  <datafield tag="300" ind1=" " ind2=" ">
    <subfield code="a">xxvi, 906p :</subfield>
    <subfield code="b">ills. coll, appendix, glossary, refs.,index</subfield>
    <subfield code="e">1 CD-ROM (Inside front cover)</subfield>
  </datafield>
  <datafield tag="500" ind1=" " ind2=" ">
    <subfield code="a">Includes bibliographical references and index</subfield>
  </datafield>
  <datafield tag="505" ind1=" " ind2=" ">
    <subfield code="a">Contents: Unit I: Introduction to health assessment: Health assessment -- Wellness and health promotion -- Health assessment across the life span -- Cultural considerations -- Psychosocial assessment -- Unit II: Intro
duction to physical assessment: Techniques and equipment -- General survey -- Pain assessment -- Nutritional assessment -- The health history -- Unit III Physical assessment:  Skin, hair, and nails -- Head, neck, and related lymphatics -- eye -- Ears, nose, mouth, and throat -- Respiratory system -- Breasts and axillae -- Cardiovascular system -- peripheral vascular system -- Abdomen -- Urinary system -- Male reproductive system -- Female reproductive system -- Musculoskeletal system -- Neurologic system -- Unit IV: Physical assessment across the life span: Assessment of infants, children, and adolescents -- The pregnant female -- Assessing the older adult.</subfield>
  </datafield>
  <datafield tag="650" ind1=" " ind2=" ">
    <subfield code="a">Nursing assessment - </subfield>
    <subfield code="v">Outlines, syllabi, etc</subfield>
    <subfield code="9">2583</subfield>
  </datafield>
  <datafield tag="650" ind1=" " ind2=" ">
    <subfield code="2">Physical diagnosis - </subfield>
    <subfield code="a">Physical diagnosis - </subfield>
    <subfield code="v">Outlines, syllabi etc</subfield>
    <subfield code="9">2584</subfield>
  </datafield>
  <datafield tag="700" ind1=" " ind2=" ">
    <subfield code="a">Barbarito, Colleen</subfield>
    <subfield code="9">2585</subfield>
  </datafield>
  <datafield tag="942" ind1=" " ind2=" ">
    <subfield code="2">lcc</subfield>
    <subfield code="c">BK</subfield>
  </datafield>
  <datafield tag="999" ind1=" " ind2=" ">
    <subfield code="c">10132</subfield>
    <subfield code="d">17632</subfield>
  </datafield>
  <datafield tag="952" ind1=" " ind2=" ">
    <subfield code="0">0</subfield>
    <subfield code="1">0</subfield>
    <subfield code="2">lcc</subfield>
    <subfield code="4">0</subfield>
    <subfield code="7">0</subfield>
    <subfield code="a">WIUC-KL</subfield>
    <subfield code="b">WIUC-KL</subfield>
    <subfield code="c">NURS L.</subfield>
    <subfield code="d">2023-02-09</subfield>
    <subfield code="l">0</subfield>
    <subfield code="o">RT48.D36</subfield>
    <subfield code="p">KSN/1123/070/23</subfield>
    <subfield code="r">2023-10-18 00:00:00</subfield>
    <subfield code="w">2023-10-18</subfield>
    <subfield code="y">BK</subfield>
  </datafield>
</record>
